000 00987nam a2200241 a 4500
008 120301s2011 ||||||||||||||||| || u
020 _a9780702031038
050 _aRM 735 Occ
100 _aPollard, Nick
245 1 0 _aOccupational therapies without borders: Vol. 2, towards an ecology of occupation-based practices
_cedited by Frank Kronenberg, Nick Pollard and Dikaios Sakellariou
260 _aOxford:
_bElsevier
_c2011
300 _axxv, 413p.: ill.
350 _a0.00
650 _aOCCUPATIONAL THERAPY--PHILOSOPHY
650 _aSOCIAL ENVIRONMENT
650 0 _aHUMAN RIGHTS
650 _aOCCUPATIONAL THERAPY--SOCIAL ASPECTS
650 _aOCCUPATIONAL THERAPY--CROSS-CULTURAL STUDIES
650 _aMEDICINE
700 _aKronenberg, Frank
700 _aDikaios, Sakellariou
995 _aMEDICAL LIBRARY OPEN ACCESS
_D0.00
_e901686
_FCBU-SCHOOL OF MEDICINE LIBRARY (Ndola)
_H1
_I0.00
_jRM 735 OCC
_M1
_UAVAILABLE
_WMar 28, 2012
_y901686
_ZMedical Library Open Access Collection
999 _c32243
_d32243